000 00585nam a2200181Ia 4500
008 100920s9999 xx 000 0 und d
082 _b105178
_a--- न 09
100 _aथोरे अशोक.
245 _aजंगली जिराफ.
260 _bअभिनंदन प्रकाशन , कोल्हापुर.
_c2009
300 _a180
_bसाधी
365 _b180
520 _aकादंबरी.
630 _aजंगली जिराफ.
650 _aकादंबरी.
730 _aजंगली जिराफ.
942 _cBOOK
999 _c745609
_d745606